Administratívne centrum - Petržalka

Saved in:
Bibliographic Details
Main Author: Gažo, Peter, 1988- (Author)
Other Authors: Žitňanský, Márius, 1952- (Thesis advisor)
Format: Manuscript Book
Language:Slovak
Published: Bratislava : STU v Bratislave FA, 2012
Subjects:
Online Access:VAIS
Tags: Add Tag
No Tags, Be the first to tag this record!

MARC

LEADER 00000ntm a22000003a 4500
001 stu247636
005 20210511110510.9
008 120605s2012----xo------------------slo-d
040 |a STU  |b slo 
041 0 |a slo 
044 |a xo 
100 1 |a Gažo, Peter,  |d 1988-  |4 aut  |u A  |T FAD Fakulta architektúry  |X 40027  |U A  |Y 50  |7 A000040027 
242 0 0 |a Administrative centre - Petržalka  |y eng 
245 1 |a Administratívne centrum - Petržalka 
260 |a Bratislava :  |b STU v Bratislave FA,  |c 2012 
650 7 |a architektúra  |2 stusub 
650 7 |a architecture  |2 estusub 
650 7 |a office building  |2 estusub 
650 7 |a Petržalka  |2 stusub 
650 7 |a administratíva  |2 stusub 
700 1 |a Žitňanský, Márius,  |d 1952-  |4 ths  |u A8180  |U FAD Fakulta architektúry  |U FAD Fakulta architektúry  |T FA Ústav architektúry občianskych budov  |X 439  |U A8180  |Y 399  |7 A000000439 
856 4 |a info a plný text  |u http://is.stuba.sk/zp/portal_zp.pl?podrobnosti=84509  |u https://opac.crzp.sk/?fn=detailBiblioForm&sid=9D0AE42328C4C1CC3B2E253B2253  |3 VAIS